[Event "Skakligaen 2022-23"]
[Site "Denmark"]
[Date "2023.03.05"]
[Round "7.6"]
[White "Abildlund, Jens"]
[Black "Clerico, Antonio"]
[Result "1-0"]
[WhiteElo "2183"]
[BlackElo "2107"]
[PlyCount "57"]
[EventDate "2022.10.29"]
[EventType "team-tourn"]
[EventRounds "9"]
[EventCountry "DEN"]
[SourceTitle "Holdskaksystemet"]
[WhiteTeam "Nordre"]
[BlackTeam "Skanderborg"]

1. d4 Nf6 2. Nf3 d5 3. Bf4 e6 4. e3 Bd6 5. Ne5 O-O 6. Bd3 c5 7. c3 Qc7 8. Bg3
Nbd7 9. f4 Ne4 10. Nd2 Nxd2 11. Qxd2 Nf6 12. Qe2 Ne4 13. O-O f5 14. Bh4 Bd7 15.
g4 Bxe5 16. fxe5 Rae8 17. Kh1 a6 18. Rg1 Bb5 19. Bxb5 axb5 20. Qxb5 c4 21. gxf5
exf5 22. Qxd5+ Kh8 23. Raf1 Qb6 24. Qd7 Qh6 25. Rxf5 Rg8 26. Rf4 g5 27. Rxe4
gxh4 28. Reg4 Qxe3 29. Qf7 1-0

[Event "Skakligaen 2022-23"]
[Site "Denmark"]
[Date "2023.03.05"]
[Round "7.7"]
[White "Bjerre, Tavs"]
[Black "Hoiberg, Nina"]
[Result "0-1"]
[WhiteElo "2004"]
[BlackElo "2144"]
[PlyCount "58"]
[EventDate "2022.10.29"]
[EventType "team-tourn"]
[EventRounds "9"]
[EventCountry "DEN"]
[SourceTitle "Holdskaksystemet"]
[WhiteTeam "Skanderborg"]
[BlackTeam "Nordre"]

1. d4 d6 2. c4 e5 3. Nf3 e4 4. Nfd2 f5 5. g3 Nf6 6. Bg2 Be7 7. O-O c6 8. d5 Qb6
9. Nb3 O-O 10. Nc3 Nbd7 11. Nd4 Ne5 12. b3 Bd7 13. Qd2 h6 14. Bb2 Nfg4 15. e3
c5 16. Nde2 Nd3 17. f3 exf3 18. Qxd3 fxg2 19. Kxg2 g5 20. e4 Ne5 21. Qc2 Qd8
22. exf5 Qc8 23. f6 Bxf6 24. Ne4 Bh3+ 25. Kg1 Bxf1 26. Rxf1 Bg7 27. Nxd6 Rxf1+
28. Kxf1 Qh3+ 29. Kg1 Rf8 0-1

[Event "Skakligaen 2022-23"]
[Site "Denmark"]
[Date "2023.03.05"]
[Round "7.8"]
[White "Holst, Per"]
[Black "Larsen, Jonas Chul Bistrup"]
[Result "1-0"]
[WhiteElo "2075"]
[BlackElo "1974"]
[PlyCount "77"]
[EventDate "2022.10.29"]
[EventType "team-tourn"]
[EventRounds "9"]
[EventCountry "DEN"]
[SourceTitle "Holdskaksystemet"]
[WhiteTeam "Nordre"]
[BlackTeam "Skanderborg"]

1. d4 Nf6 2. c4 e6 3. Nf3 d5 4. g3 Be7 5. Bg2 O-O 6. O-O dxc4 7. Qa4 a6 8. Qxc4
b5 9. Qc2 Bb7 10. Bg5 Nbd7 11. Bxf6 Nxf6 12. Nbd2 Rc8 13. Nb3 Be4 14. Qc3 Qd5
15. Rac1 b4 16. Qe3 Nd7 17. Ne1 Bxg2 18. Nxg2 Bg5 19. f4 Bf6 20. Rfd1 Qb5 21.
Qd3 Qa4 22. Qc4 Rfd8 23. a3 c5 24. dxc5 Bxb2 25. Rc2 Bxa3 26. Rcd2 Qc6 27. Rd6
Qc7 28. Qd4 a5 29. Rxd7 Rxd7 30. Qxd7 Qxd7 31. Rxd7 a4 32. c6 g6 33. c7 Rxc7
34. Rxc7 axb3 35. Rd7 Bb2 36. Rd1 Bc3 37. Ne1 e5 38. fxe5 Bxe5 39. Rb1 1-0

[Event "Skakligaen 2022-23"]
[Site "Denmark"]
[Date "2023.03.05"]
[Round "7.1"]
[White "Ochsner, Bjorn Moller"]
[Black "Matthiesen, Martin"]
[Result "1-0"]
[WhiteElo "2504"]
[BlackElo "2328"]
[PlyCount "69"]
[EventDate "2022.10.29"]
[EventType "team-tourn"]
[EventRounds "9"]
[EventCountry "DEN"]
[SourceTitle "Holdskaksystemet"]
[WhiteTeam "AarhusSkolerne"]
[BlackTeam "SK1968"]

1. e4 e5 2. Nf3 Nc6 3. Bb5 a6 4. Ba4 Nf6 5. O-O Be7 6. d3 b5 7. Bb3 d6 8. Bd2
O-O 9. h3 h6 10. Re1 Be6 11. Nc3 Na5 12. Bxe6 fxe6 13. Ne2 c5 14. Ng3 Nc6 15.
c3 Rb8 16. a3 Qd7 17. b4 a5 18. Qb3 cxb4 19. axb4 axb4 20. cxb4 Bd8 21. Be3 Bb6
22. Bxb6 Rxb6 23. Rec1 Rc8 24. Rc2 Kh8 25. Rac1 Rbb8 26. Kh2 Ra8 27. Rc3 Ng8
28. Ne2 Ra4 29. d4 Rxb4 30. Qxb4 Nxb4 31. Rxc8 Qb7 32. dxe5 dxe5 33. Ng3 Kh7
34. R1c7 Qb6 35. Nh5 1-0

[Event "Skakligaen 2022-23"]
[Site "Denmark"]
[Date "2023.03.05"]
[Round "7.2"]
[White "Thogersen, Rasmus"]
[Black "Vinther Schou, Uffe"]
[Result "0-1"]
[WhiteElo "2323"]
[BlackElo "2382"]
[PlyCount "62"]
[EventDate "2022.10.29"]
[EventType "team-tourn"]
[EventRounds "9"]
[EventCountry "DEN"]
[SourceTitle "Holdskaksystemet"]
[WhiteTeam "SK1968"]
[BlackTeam "AarhusSkolerne"]

1. e4 e6 2. d4 d5 3. e5 b6 4. c3 Qd7 5. f4 Ne7 6. Nf3 h5 7. Na3 Nf5 8. Nc2 Be7
9. Ne3 g6 10. Bd3 Ba6 11. Bxa6 Nxa6 12. Qd3 Nb8 13. Nxf5 gxf5 14. Be3 c5 15.
dxc5 bxc5 16. b4 cxb4 17. cxb4 Bxb4+ 18. Kf2 Nc6 19. Rhc1 O-O 20. Qd1 Be7 21.
Ng5 Bxg5 22. Qxh5 Bd8 23. g4 d4 24. Bd2 Ne7 25. gxf5 exf5 26. Bb4 Ng6 27. Rg1
Bb6 28. Rxg6+ fxg6 29. Qxg6+ Qg7 30. Qe6+ Qf7 31. Rg1+ Kh7 0-1

[Event "Skakligaen 2022-23"]
[Site "Denmark"]
[Date "2023.03.05"]
[Round "7.3"]
[White "Sorensen, Jan"]
[Black "Ramsdal, Jens Albert"]
[Result "0-1"]
[WhiteElo "2370"]
[BlackElo "2318"]
[PlyCount "100"]
[EventDate "2022.10.29"]
[EventType "team-tourn"]
[EventRounds "9"]
[EventCountry "DEN"]
[SourceTitle "Holdskaksystemet"]
[WhiteTeam "AarhusSkolerne"]
[BlackTeam "SK1968"]

1. e4 e5 2. Bc4 Nf6 3. Nc3 Nc6 4. d3 Bc5 5. Nf3 a6 6. Be3 Bxe3 7. fxe3 d6 8. a3
O-O 9. O-O Ne7 10. Nh4 Kh8 11. Qf3 Neg8 12. d4 c6 13. Bb3 Qb6 14. dxe5 dxe5 15.
Qg3 Be6 16. Nf5 Nh5 17. Qxe5 Bxb3 18. cxb3 Rae8 19. Qd4 Qxb3 20. Nd6 Re7 21. e5
f6 22. exf6 Nhxf6 23. e4 Qxb2 24. Rab1 Qxa3 25. e5 Nd7 26. Rxf8 Nxf8 27. Nce4
Ne6 28. Qf2 h6 29. Qf5 Qe3+ 30. Kh1 Nd4 31. Qg6 Qf4 32. Ng3 b5 33. Rf1 Qxe5 34.
Nf7+ Rxf7 35. Qxf7 b4 36. Nh5 b3 37. Nf4 Ne7 38. Qxe7 Qxe7 39. Ng6+ Kh7 40.
Nxe7 a5 41. Ra1 Nc2 42. Rd1 a4 43. Nxc6 a3 44. Na5 Ne3 45. Nxb3 Nxd1 46. Kg1 a2
47. Na1 Kg6 48. Kf1 Ne3+ 49. Kf2 Ng4+ 50. Kg3 Kf5 0-1

[Event "Skakligaen 2022-23"]
[Site "Denmark"]
[Date "2023.03.05"]
[Round "7.4"]
[White "Matthiesen, Arne"]
[Black "Heimisson, Hilmir Freyr"]
[Result "1/2-1/2"]
[WhiteElo "2314"]
[BlackElo "2293"]
[PlyCount "117"]
[EventDate "2022.10.29"]
[EventType "team-tourn"]
[EventRounds "9"]
[EventCountry "DEN"]
[SourceTitle "Holdskaksystemet"]
[WhiteTeam "SK1968"]
[BlackTeam "AarhusSkolerne"]

1. d4 Nf6 2. Nf3 d5 3. c4 e6 4. e3 c5 5. dxc5 Bxc5 6. a3 a5 7. b3 O-O 8. Bb2
Qe7 9. Nbd2 Rd8 10. Qc2 Nc6 11. Bd3 h6 12. O-O Ba7 13. Rad1 Bd7 14. h3 Rac8 15.
Qb1 Be8 16. Rfe1 dxc4 17. Bxc4 Nd5 18. Ne4 f6 19. Ng3 Bf7 20. Qe4 Bb8 21. Qg4
Kh8 22. Bxd5 exd5 23. Nf5 Qf8 24. Qh4 Kh7 25. Rd2 Re8 26. Qa4 Rcd8 27. N3d4
Nxd4 28. Bxd4 Be6 29. Nh4 Qd6 30. Nf3 Qa6 31. b4 axb4 32. Qxa6 bxa6 33. axb4
Rc8 34. Ra2 Bd6 35. Bc5 Bxc5 36. bxc5 Rxc5 37. Rxa6 Bf5 38. Nd4 Be4 39. Ra7
Rcc8 40. f3 Bg6 41. Rd7 Rcd8 42. Rxd8 Rxd8 43. Rc1 Bf7 44. Rc7 Kg8 45. Kf2 h5
46. g4 Ra8 47. gxh5 Bxh5 48. Nf5 Ra2+ 49. Kg3 Bf7 50. h4 Ra1 51. Kf4 Ra4+ 52.
Nd4 Ra1 53. Nf5 Ra4+ 54. Kg3 Ra1 55. Rc8+ Kh7 56. Rc7 Be6 57. Nd4 Bg8 58. Nf5
Be6 59. Nd4 1/2-1/2

[Event "Skakligaen 2022-23"]
[Site "Denmark"]
[Date "2023.03.05"]
[Round "7.5"]
[White "Baekgaard, Martin"]
[Black "Hansen, Lars"]
[Result "1/2-1/2"]
[WhiteElo "2296"]
[BlackElo "2259"]
[PlyCount "84"]
[EventDate "2022.10.29"]
[EventType "team-tourn"]
[EventRounds "9"]
[EventCountry "DEN"]
[SourceTitle "Holdskaksystemet"]
[WhiteTeam "AarhusSkolerne"]
[BlackTeam "SK1968"]

1. c4 Nf6 2. Nf3 b6 3. g3 Bb7 4. Bg2 e6 5. O-O Be7 6. d4 O-O 7. Nc3 Ne4 8. Bd2
d6 9. Rc1 Nd7 10. d5 Nxd2 11. Qxd2 e5 12. h4 f5 13. Bh3 h6 14. Qc2 f4 15. Kg2
Bc8 16. Be6+ Kh8 17. Rh1 Nc5 18. Bxc8 Qxc8 19. b4 Na6 20. a3 fxg3 21. fxg3 Qg4
22. Ne4 Rae8 23. Nf2 Qh5 24. Qe4 Nb8 25. Rcf1 Nd7 26. g4 Qf7 27. Ng5 Bxg5 28.
hxg5 Qf4 29. Qg6 Qf7 30. Qxf7 Rxf7 31. gxh6 Rf4 32. e3 Rxc4 33. hxg7+ Kxg7 34.
Rc1 b5 35. Rxc4 bxc4 36. Ne4 Nb6 37. Nc3 Ra8 38. Kf3 a5 39. b5 Rf8+ 40. Ke2 Kg6
41. Rh5 Rf7 42. Rh8 Rh7 1/2-1/2

[Event "Skakligaen 2022-23"]
[Site "Denmark"]
[Date "2023.03.05"]
[Round "7.6"]
[White "Lauridsen, Jesper Morch"]
[Black "Pedersen, Finn"]
[Result "1-0"]
[WhiteElo "2221"]
[BlackElo "2266"]
[PlyCount "45"]
[EventDate "2022.10.29"]
[EventType "team-tourn"]
[EventRounds "9"]
[EventCountry "DEN"]
[SourceTitle "Holdskaksystemet"]
[WhiteTeam "SK1968"]
[BlackTeam "AarhusSkolerne"]

1. e4 c6 2. d4 d5 3. exd5 cxd5 4. c4 Nf6 5. Nc3 e6 6. Nf3 Be7 7. cxd5 Nxd5 8.
Bd3 O-O 9. O-O Nc6 10. Re1 Nxc3 11. bxc3 b6 12. h4 Bb7 13. Ng5 h6 14. Nh7 Re8
15. Bxh6 gxh6 16. Qg4+ Kh8 17. Qf4 Kg7 18. Qg4+ Kh8 19. Qh5 Bf8 20. Nxf8 Qf6
21. Nd7 Qg7 22. Re3 f5 23. Rg3 1-0

[Event "Skakligaen 2022-23"]
[Site "Denmark"]
[Date "2023.03.05"]
[Round "7.7"]
[White "Rendboe, John Filip"]
[Black "Rewitz, Poul"]
[Result "1/2-1/2"]
[WhiteElo "2181"]
[BlackElo "2172"]
[PlyCount "130"]
[EventDate "2022.10.29"]
[EventType "team-tourn"]
[EventRounds "9"]
[EventCountry "DEN"]
[SourceTitle "Holdskaksystemet"]
[WhiteTeam "AarhusSkolerne"]
[BlackTeam "SK1968"]

1. d4 d5 2. c4 e5 3. dxe5 d4 4. Nf3 Nc6 5. a3 Nge7 6. e3 Nf5 7. e4 Nh4 8. Bf4
Nxf3+ 9. Qxf3 g5 10. Bg3 Bg7 11. Nd2 h5 12. h4 g4 13. Qb3 a5 14. f4 gxf3 15.
gxf3 a4 16. Qc2 Nxe5 17. Bd3 Bd7 18. O-O-O Qe7 19. Kb1 O-O-O 20. Rde1 Bh6 21.
f4 Rhg8 22. Nf1 Nxd3 23. Qxd3 Bc6 24. Rh2 Rg4 25. Rf2 Rdg8 26. e5 Kb8 27. Qh7
Qe6 28. f5 Qxc4 29. Qxh6 Bd5 30. Qc1 Qa2+ 31. Kc2 Qb3+ 32. Kd2 Bc4 33. Qc2 Bxf1
34. Qxb3 axb3 35. Rexf1 Rxg3 36. e6 Re3 37. exf7 Rf8 38. Rf3 Rxf3 39. Rxf3 Rxf7
40. Kd3 c5 41. Kc4 b6 42. a4 Kc7 43. f6 Kc6 44. Rf5 Kd6 45. Kxb3 Ke6 46. Rxh5
Rxf6 47. Kc4 Kd6 48. b4 cxb4 49. Rd5+ Kc6 50. Rxd4 Rf1 51. Kxb4 Rh1 52. Rg4 Rh2
53. Rg6+ Kb7 54. Rh6 Rh1 55. Rh8 Kc6 56. h5 Rh4+ 57. Kb3 Kb7 58. h6 Ka7 59. h7
Kb7 60. Kc3 Rh1 61. Kd4 Rd1+ 62. Ke4 Re1+ 63. Kf3 Rh1 64. Kg2 Rh6 65. Kg3 Rh1
1/2-1/2

[Event "Skakligaen 2022-23"]
[Site "Denmark"]
[Date "2023.03.05"]
[Round "7.8"]
[White "Pedersen, Gunnar"]
[Black "Hagen, Kresten Skytte"]
[Result "1-0"]
[WhiteElo "2221"]
[BlackElo "2138"]
[PlyCount "71"]
[EventDate "2022.10.29"]
[EventType "team-tourn"]
[EventRounds "9"]
[EventCountry "DEN"]
[SourceTitle "Holdskaksystemet"]
[WhiteTeam "SK1968"]
[BlackTeam "AarhusSkolerne"]

1. e4 e6 2. d4 d5 3. e5 c5 4. c3 Nc6 5. Nf3 Bd7 6. Bd3 Nge7 7. O-O cxd4 8. cxd4
Nb4 9. Be2 Nf5 10. Nc3 Qb6 11. Rb1 Be7 12. a3 Nc6 13. Be3 f6 14. Na4 Qd8 15.
exf6 gxf6 16. Bf4 O-O 17. Rc1 Rf7 18. Nc5 Bc8 19. Re1 Bxc5 20. Rxc5 Rg7 21. Bd3
Nfxd4 22. Nxd4 Nxd4 23. Bxh7+ Rxh7 24. Qxd4 b6 25. Rc3 e5 26. Rg3+ Rg7 27.
Rxg7+ Kxg7 28. Bxe5 fxe5 29. Rxe5 Qf6 30. Rg5+ Kf7 31. Qxd5+ Qe6 32. Qf3+ Ke8
33. h4 Rb8 34. Qg3 Qe1+ 35. Kh2 Be6 36. Qxb8+ 1-0

[Event "Skakligaen 2022-23"]
[Site "Denmark"]
[Date "2023.03.05"]
[Round "7.1"]
[White "Thybo, Jesper Sondergaard"]
[Black "Nielsen, Viktor Haarmark"]
[Result "1-0"]
[WhiteElo "2498"]
[BlackElo "2384"]
[PlyCount "171"]
[EventDate "2022.10.29"]
[EventType "team-tourn"]
[EventRounds "9"]
[EventCountry "DEN"]
[SourceTitle "Holdskaksystemet"]
[WhiteTeam "Koge"]
[BlackTeam "Obro"]

1. Nf3 d5 2. g3 Bg4 3. Bg2 Nd7 4. h3 Bxf3 5. Bxf3 c6 6. d3 Ngf6 7. O-O e5 8. e4
dxe4 9. dxe4 Bc5 10. a4 a5 11. Qe2 O-O 12. Nd2 Qe7 13. Nc4 Rfd8 14. Rd1 Ne8 15.
Bd2 Bb4 16. c3 Bc5 17. h4 Nd6 18. Bg5 Nf6 19. Nxa5 Rxa5 20. b4 Bxf2+ 21. Qxf2
Raa8 22. Bg2 h6 23. Bxf6 Qxf6 24. Qxf6 gxf6 25. Kf2 Kf8 26. Kf3 Ke7 27. Bh3 Nc4
28. a5 Nd2+ 29. Ke3 Nc4+ 30. Ke2 Nd6 31. Kf3 Nb5 32. Rac1 Rab8 33. Rxd8 Rxd8
34. Bf1 Nc7 35. Be2 Rd2 36. Ke3 Rb2 37. Kd3 Nb5 38. Rc2 Rb1 39. Ke3 Nd6 40. g4
Rh1 41. h5 Rh3+ 42. Bf3 Nc4+ 43. Kd3 Rxf3+ 44. Kxc4 Kd6 45. Rd2+ Kc7 46. Rd3
Rf4 47. Kc5 Rxe4 48. Rf3 Rxg4 49. Rxf6 Rg7 50. Rxh6 e4 51. Kd4 f5 52. Re6 Rf7
53. h6 f4 54. Rg6 f3 55. Rg7 Rxg7 56. hxg7 f2 57. g8=Q f1=Q 58. Qg3+ Kc8 59.
Qg4+ Kb8 60. Qxe4 Qg1+ 61. Kc4 Ka8 62. Qd4 Qg5 63. Qd6 Qb5+ 64. Kb3 Qf1 65. Qd4
Kb8 66. Kc2 Ka8 67. Qd3 Qf2+ 68. Kb3 Qf7+ 69. Ka3 Ka7 70. Qd4+ Kb8 71. Qd8+ Ka7
72. Qb6+ Ka8 73. a6 bxa6 74. Qxa6+ Kb8 75. Qb6+ Ka8 76. Qxc6+ Kb8 77. Qb6+ Ka8
78. Qc6+ Kb8 79. Ka4 Ka7 80. c4 Qg7 81. Kb5 Qh7 82. Qd5 Qg7 83. c5 Qe7 84. c6
Qe2+ 85. Qc4 Qf3 86. Qd4+ 1-0

[Event "Skakligaen 2022-23"]
[Site "Denmark"]
[Date "2023.03.05"]
[Round "7.2"]
[White "Nunez, Ruben Domingo"]
[Black "Rozentalis, Eduardas"]
[Result "1/2-1/2"]
[WhiteElo "2383"]
[BlackElo "2500"]
[PlyCount "52"]
[EventDate "2022.10.29"]
[EventType "team-tourn"]
[EventRounds "9"]
[EventCountry "DEN"]
[SourceTitle "Holdskaksystemet"]
[WhiteTeam "Obro"]
[BlackTeam "Koge"]

1. e4 e6 2. d4 d5 3. Nc3 Bb4 4. Nge2 dxe4 5. a3 Be7 6. Nxe4 Nf6 7. Qd3 Bd7 8.
Nxf6+ Bxf6 9. Bf4 O-O 10. O-O-O Nc6 11. h4 Qe7 12. Qe3 e5 13. dxe5 Nxe5 14. Nc3
Bc6 15. Bb5 Bxb5 16. Nxb5 c6 17. Nd6 Rad8 18. Nxb7 Rb8 19. Rhe1 Rxb7 20. Bxe5
Bxe5 21. Qxe5 Qxh4 22. Qd4 Qg5+ 23. Kb1 g6 24. g3 Qa5 25. Ka2 c5 26. Re5 Rc8
1/2-1/2

[Event "Skakligaen 2022-23"]
[Site "Denmark"]
[Date "2023.03.05"]
[Round "7.3"]
[White "Danielsen, Henrik"]
[Black "Hansen, Mads Smith"]
[Result "1-0"]
[WhiteElo "2496"]
[BlackElo "2375"]
[PlyCount "63"]
[EventDate "2022.10.29"]
[EventType "team-tourn"]
[EventRounds "9"]
[EventCountry "DEN"]
[SourceTitle "Holdskaksystemet"]
[WhiteTeam "Koge"]
[BlackTeam "Obro"]

1. Nf3 Nf6 2. d4 c5 3. e3 cxd4 4. exd4 d5 5. c3 Nc6 6. Bf4 Bg4 7. Nbd2 e6 8.
Qb3 Bd6 9. Qxb7 Bxf4 10. Qxc6+ Kf8 11. Bd3 h5 12. h3 Bxf3 13. Nxf3 h4 14. O-O
g5 15. Ne5 Kg7 16. Rae1 Rb8 17. Nxf7 Kxf7 18. Qxe6+ Kg7 19. Qf5 Rxb2 20. Qg6+
Kf8 21. Re6 Rb6 22. Rfe1 Rg8 23. Qh6+ Kf7 24. Bf5 Bd2 25. R1e5 Bf4 26. Re1 Bd2
27. R1e2 Bxc3 28. Bg4 Nxg4 29. Qh5+ Kf8 30. Re8+ Kg7 31. R2e7+ Kf6 32. Qf7# 1-0

[Event "Skakligaen 2022-23"]
[Site "Denmark"]
[Date "2023.03.05"]
[Round "7.4"]
[White "Christensen, Stefan"]
[Black "Smith, Axel"]
[Result "0-1"]
[WhiteElo "2293"]
[BlackElo "2402"]
[PlyCount "72"]
[EventDate "2022.10.29"]
[EventType "team-tourn"]
[EventRounds "9"]
[EventCountry "DEN"]
[SourceTitle "Holdskaksystemet"]
[WhiteTeam "Obro"]
[BlackTeam "Koge"]

1. d4 d5 2. Nf3 c5 3. e3 Nf6 4. c3 Qc7 5. Nbd2 g6 6. Bd3 Bg7 7. O-O O-O 8. Ne5
Nbd7 9. f4 b6 10. Qc2 Bb7 11. Nxd7 Nxd7 12. Nf3 Nf6 13. Ne5 c4 14. Be2 Ne4 15.
Bd2 f6 16. Nf3 g5 17. f5 Bc8 18. Ne1 e6 19. fxe6 Bxe6 20. Bf3 Bf5 21. Bxe4 Bxe4
22. Qd1 Rf7 23. Nf3 Bf8 24. Be1 Bd6 25. Bg3 Bxg3 26. hxg3 Qxg3 27. Qe1 Qd6 28.
Qf2 Raf8 29. g3 h5 30. Rad1 Qe6 31. Rd2 Qg4 32. Qg2 Rg7 33. Rdf2 h4 34. gxh4
Qh5 35. hxg5 Rxg5 36. Nxg5 Bxg2 0-1

[Event "Skakligaen 2022-23"]
[Site "Denmark"]
[Date "2023.03.05"]
[Round "7.5"]
[White "Ahlander, Bjorn"]
[Black "Rasmussen, Casper Dahl"]
[Result "1-0"]
[WhiteElo "2406"]
[BlackElo "2289"]
[PlyCount "93"]
[EventDate "2022.10.29"]
[EventType "team-tourn"]
[EventRounds "9"]
[EventCountry "DEN"]
[SourceTitle "Holdskaksystemet"]
[WhiteTeam "Koge"]
[BlackTeam "Obro"]

1. d4 d5 2. c4 c6 3. Nf3 Nf6 4. Nc3 dxc4 5. e4 b5 6. Be2 e6 7. O-O Be7 8. b3 b4
9. e5 bxc3 10. exf6 Bxf6 11. Bxc4 O-O 12. Ba3 Re8 13. Rc1 Qa5 14. Bd6 Rd8 15.
b4 Qa3 16. Bc7 Rd7 17. Be5 Qxb4 18. Qd3 Qe7 19. Qe4 Bxe5 20. Nxe5 Rc7 21. Rxc3
Ba6 22. Rfc1 Bxc4 23. Rxc4 f6 24. Nd3 Nd7 25. Nb4 Nf8 26. g3 Re8 27. a4 Qd6 28.
a5 Rd7 29. Nxc6 Ng6 30. Rc5 Ne7 31. Nxe7+ Qxe7 32. R1c4 Red8 33. Rc6 Rd6 34.
Rc8 Qd7 35. R8c7 Qb5 36. R4c5 Qb4 37. Rxa7 Qxd4 38. Qxd4 Rxd4 39. Rcc7 Rg4 40.
a6 h5 41. Rab7 Rd1+ 42. Kg2 Ra1 43. a7 Kh7 44. f3 Ra2+ 45. Kh3 Rga4 46. Rxg7+
Kh8 47. Rgc7 1-0

[Event "Skakligaen 2022-23"]
[Site "Denmark"]
[Date "2023.03.05"]
[Round "7.6"]
[White "Hansen, Soren Bech"]
[Black "Pedersen, Henrik Dahl"]
[Result "1/2-1/2"]
[WhiteElo "2275"]
[BlackElo "2233"]
[PlyCount "102"]
[EventDate "2022.10.29"]
[EventType "team-tourn"]
[EventRounds "9"]
[EventCountry "DEN"]
[SourceTitle "Holdskaksystemet"]
[WhiteTeam "Obro"]
[BlackTeam "Koge"]

1. e4 c6 2. d4 d5 3. e5 Bf5 4. Nd2 e6 5. Nb3 Nd7 6. Nf3 Ne7 7. Be2 f6 8. O-O
Ng6 9. Re1 Qc7 10. c4 dxc4 11. Bxc4 Nb6 12. Bxe6 Bxe6 13. exf6 O-O-O 14. Rxe6
gxf6 15. Bd2 Nd5 16. Ba5 Qd7 17. Re4 b6 18. Bd2 Rg8 19. Qf1 Bd6 20. Rc1 Kb7 21.
a4 Ngf4 22. Bxf4 Nxf4 23. g3 h5 24. a5 Qf5 25. Nfd2 h4 26. axb6 Nh3+ 27. Kg2
axb6 28. Rxh4 Rh8 29. Rxh8 Rxh8 30. f4 Nxf4+ 31. Kh1 Qd5+ 32. Qf3 Ne2 33. Qxd5
cxd5 34. Re1 Nxg3+ 35. Kg2 Ne4 36. Nxe4 Rxh2+ 37. Kf3 dxe4+ 38. Kxe4 Rxb2 39.
Kd5 Kc7 40. Re3 f5 41. Rf3 Kd7 42. Rh3 f4 43. Nc1 Rd2 44. Nd3 Re2 45. Rf3 Re3
46. Rxe3 fxe3 47. Ke4 e2 48. Kf3 Bc5 49. dxc5 bxc5 50. Nxc5+ Kc6 51. Kxe2 Kxc5
1/2-1/2

[Event "Skakligaen 2022-23"]
[Site "Denmark"]
[Date "2023.03.05"]
[Round "7.7"]
[White "Meskenas, Paulius"]
[Black "Simonsen, Carsten"]
[Result "1-0"]
[WhiteElo "2038"]
[BlackElo "2234"]
[PlyCount "71"]
[EventDate "2022.10.29"]
[EventType "team-tourn"]
[EventRounds "9"]
[EventCountry "DEN"]
[SourceTitle "Holdskaksystemet"]
[WhiteTeam "Koge"]
[BlackTeam "Obro"]

1. e4 e5 2. Nf3 Nc6 3. Bc4 Nf6 4. d3 Bc5 5. c3 h6 6. O-O d6 7. a4 a6 8. Re1 O-O
9. Nbd2 Be6 10. b4 Ba7 11. Ba2 Ng4 12. Re2 Bxa2 13. Rxa2 f5 14. Nf1 fxe4 15.
dxe4 a5 16. Qd5+ Kh7 17. b5 Ne7 18. Qe6 Nf6 19. Rad2 Qd7 20. Qc4 Ng6 21. Rd3
Nh5 22. Ng5+ hxg5 23. Rh3 Ngf4 24. Bxf4 gxf4 25. Rxh5+ Kg6 26. Rh3 Rh8 27. Rf3
Rh5 28. h3 Kh7 29. Rd2 Rf8 30. Qd5 Rf6 31. Nh2 Rg6 32. Ng4 Rxg4 33. hxg4 Qxg4
34. Qd3 Rg5 35. Rh3+ Kg8 36. Qc4+ 1-0

[Event "Skakligaen 2022-23"]
[Site "Denmark"]
[Date "2023.03.05"]
[Round "7.8"]
[White "Jorgensen, Brian Jorgen"]
[Black "Molvig, Henrik"]
[Result "1-0"]
[WhiteElo "2150"]
[BlackElo "2051"]
[PlyCount "65"]
[EventDate "2022.10.29"]
[EventType "team-tourn"]
[EventRounds "9"]
[EventCountry "DEN"]
[SourceTitle "Holdskaksystemet"]
[WhiteTeam "Obro"]
[BlackTeam "Koge"]

1. c4 Nf6 2. Nc3 g6 3. e4 d6 4. d4 Bg7 5. f3 O-O 6. Nge2 c5 7. d5 e6 8. Ng3
exd5 9. cxd5 a6 10. a4 h5 11. Bg5 Re8 12. Be2 Qa5 13. O-O Nh7 14. Be3 h4 15.
Nh1 f5 16. Nf2 Nd7 17. Bd2 Ndf6 18. exf5 Bxf5 19. g4 hxg3 20. hxg3 Qc7 21. g4
Bc8 22. Bd3 Nf8 23. Qc2 Qf7 24. Kg2 b6 25. Nh3 Bb7 26. Nf4 g5 27. Nh3 Nxd5 28.
Nxg5 Qf6 29. Bc4 Re5 30. f4 Rxg5 31. fxg5 Qd4 32. Qe4 Qxc4 33. Qxc4 1-0

[Event "Skakligaen 2022-23"]
[Site "Denmark"]
[Date "2023.03.25"]
[Round "8.1"]
[White "Matthiesen, Martin"]
[Black "Mikkelsen, Nikolaj"]
[Result "1/2-1/2"]
[WhiteElo "2328"]
[BlackElo "2475"]
[PlyCount "28"]
[EventDate "2022.10.29"]
[EventType "team-tourn"]
[EventRounds "9"]
[EventCountry "DEN"]
[SourceTitle "Live v. Kasper Jerwiarz"]
[WhiteTeam "SK1968"]
[BlackTeam "BMS"]

1. d4 d5 2. c4 e6 3. Nc3 a6 4. cxd5 exd5 5. Bf4 Nf6 6. e3 c5 7. dxc5 Bxc5 8.
Nf3 Nc6 9. Be2 O-O 10. O-O Be6 11. Ne5 Bd6 12. Nxc6 bxc6 13. Qa4 c5 14. Bxd6
Qxd6 1/2-1/2

[Event "Skakligaen 2022-23"]
[Site "Denmark"]
[Date "2023.03.25"]
[Round "8.2"]
[White "Haubro, Martin"]
[Black "Thogersen, Rasmus"]
[Result "1/2-1/2"]
[WhiteElo "2398"]
[BlackElo "2323"]
[PlyCount "128"]
[EventDate "2022.10.29"]
[EventType "team-tourn"]
[EventRounds "9"]
[EventCountry "DEN"]
[SourceTitle "Live v. Kasper Jerwiarz"]
[WhiteTeam "BMS"]
[BlackTeam "SK1968"]

1. e4 c5 2. Nf3 d6 3. d4 cxd4 4. Nxd4 Nf6 5. Nc3 a6 6. h3 e5 7. Nb3 Be7 8. g4
h6 9. Bg2 b5 10. Be3 Nbd7 11. O-O Nb6 12. Na5 Na4 13. Nxa4 bxa4 14. Nc6 Qc7 15.
Nxe7 Kxe7 16. Qd3 Be6 17. Rfd1 Rhc8 18. Rd2 Rab8 19. Qa3 Ne8 20. Rad1 Qc4 21.
b3 Qb4 22. Qxb4 Rxb4 23. Bf1 a5 24. f3 axb3 25. axb3 a4 26. bxa4 Rxa4 27. Bb5
Ra3 28. Rd3 Rcc3 29. Rb1 Rxd3 30. Bxd3 Nc7 31. Kf2 Kd7 32. Rb6 Rc3 33. Bd2 Rc6
34. Rb8 Bc4 35. h4 Ne6 36. Rb7+ Ke8 37. Bxc4 Rxc4 38. c3 Ra4 39. h5 Ra2 40. Ke1
Nc5 41. Rb8+ Ke7 42. Rg8 Nd3+ 43. Kd1 Nf2+ 44. Ke2 Nh3 45. Rxg7 Ng1+ 46. Kd1
Ra1+ 47. Kc2 Ra2+ 48. Kd3 Nxf3 49. Bxh6 Ne1+ 50. Ke3 Ng2+ 51. Kf3 Ne1+ 52. Kg3
Rg2+ 53. Kh3 Rc2 54. Rg8 Rxc3+ 55. Kh2 Rc2+ 56. Kg3 Rc3+ 57. Kf2 Nd3+ 58. Kf1
Nc5 59. Bf8+ Ke6 60. h6 Rh3 61. Kg2 Rh4 62. Kg3 Rh1 63. Kg2 Rh4 64. Kg3 Rh1
1/2-1/2

[Event "Skakligaen 2022-23"]
[Site "Denmark"]
[Date "2023.03.25"]
[Round "8.3"]
[White "Ramsdal, Jens Albert"]
[Black "Liu, Casper Yukun"]
[Result "0-1"]
[WhiteElo "2318"]
[BlackElo "2317"]
[PlyCount "86"]
[EventDate "2022.10.29"]
[EventType "team-tourn"]
[EventRounds "9"]
[EventCountry "DEN"]
[SourceTitle "Live v. Kasper Jerwiarz"]
[WhiteTeam "SK1968"]
[BlackTeam "BMS"]

1. d4 Nf6 2. c4 e6 3. Nf3 d5 4. Nc3 Bb4 5. cxd5 exd5 6. Bg5 O-O 7. e3 h6 8. Bh4
Bf5 9. Be2 g5 10. Bg3 Ne4 11. Qb3 c5 12. a3 Qa5 13. Rc1 Bxc3+ 14. bxc3 c4 15.
Qb2 Qb6 16. Qxb6 axb6 17. Nd2 Nxd2 18. Kxd2 Rxa3 19. Ra1 Rb3 20. Bd1 Nc6 21.
Bd6 Rc8 22. Bxb3 cxb3 23. f3 b2 24. Rae1 Na5 25. e4 Nc4+ 26. Kc2 Bg6 27. Bb4 f5
28. exd5 f4+ 29. Re4 g4 30. d6 Bxe4+ 31. fxe4 f3 32. gxf3 gxf3 33. e5 Kf7 34.
d5 Nxe5 35. Kxb2 Rg8 36. Kb3 Ke8 37. c4 f2 38. Rf1 Nd3 39. c5 Rg1 40. Rxf2 Nxf2
41. c6 bxc6 42. dxc6 Rc1 43. Bc3 Rxc3+ 0-1